Tilastot visalle Olympialaisissa pelanneet suomalaiset NHL-pelaajat

Klikkaa tästä pelataksesi tätä visaa!

Yleistilastot

  • Tätä visaa on pelattu 171 kertaa
  • Keskiarvotulos 30 / 47

Vastaustilastot

OlympialaisetPelipaikkaNimi% Oikein
1998-2014HTeemu Selänne
98%
2006-2010HMikko Koivu
95%
1998, 2006-2010HSaku Koivu
95%
2002-2014PKimmo Timonen
91%
1998HJari Kurri
88%
2014MVTuukka Rask
86%
1998-2010HJere Lehtinen
82%
2006, 2014HJussi Jokinen
82%
2010MVMiikka Kiprusoff
82%
2002-2014HOlli Jokinen
82%
2002-2010HJarkko Ruutu
80%
2002-2014PSami Salo
80%
2010-2014HTuomo Ruutu
80%
1998-2006PTeppo Numminen
78%
1998HEsa Tikkanen
77%
2014MVKari Lehtonen
77%
2014HAleksander Barkov
75%
2014HMikael Granlund
75%
2014MVAntti Niemi
69%
2010HValtteri Filppula
69%
2006-2010MVAntero Niittymäki
68%
1998-2006PAki Berg
66%
1998-2002PJyrki Lumme
66%
2010MVNiklas Bäckström
66%
1998-2002HSami Kapanen
65%
2006HNiko Kapanen
63%
2002-2006HVIlle Nieminen
63%
2010PJoni Pitkänen
62%
2006-2010PToni Lydman
60%
2014POlli Määttä
58%
2002MVPasi Nurminen
58%
2002-2010HNiklas Hagman
55%
1998-2002PJanne Niinimaa
54%
2014PSami Vatanen
54%
2002POssi Väänänen
52%
2014HLauri Korpikoski
51%
2010HAntti Miettinen
46%
2002MVJani Hurme
45%
2010PSami Lepistö
45%
1998HJuha Lind
37%
2002HMikko Eloranta
37%
2006HAntti Laaksonen
35%
1998PJanne Laukkanen
34%
1998-2002HJuha Ylönen
34%
1998PTuomas Grönman
34%
2002MVJussi Markkanen
32%
2002HTomi Kallio
32%

Tulosjakauma

Persentiili vastausten määrän mukaan

Jokaisen tuloksen saaneiden osuus

Tuloshistoriasi

Et ole pelannut tätä visaa